000 00322 a2200157 4500
001 68444
020 _a9781108772570
040 _cAnchieta - Pituba
100 _aLewis, Samantha
240 1 0 _aOwn it 3
_l
245 1 0 _aOwn it 3
300 _a143
362 0 _a2020
650 4 _aInglês e inglês antigo
942 _cBK
999 _c68444
_d68444